000 00709nam a22002057a 4500
999 _c20978
_d20978
003 AR-CdUCM
008 190723b ||||| |||| 00| 0 spa d
040 _aMUNICIPALIDAD PROVINCIAL DEL CUSCO
_cBIBLIOTECA MUNICIPAL DEL CUSCO
082 _aC / 750.3 /
_bG16
100 _aGalvez Barrera, Ana M.
_916236
245 _aTérminos relacionados a pintura y restauración /
260 _aCusco :
_bImprenta Pantigozo,
300 _a39 páginas ;
_c21 cm.
650 _aDiccionario de Términos
_943767
650 _aPintura
_93081
650 _aRestauración
_96144
710 _aCentro inter americano sub regional de restauración de bienes culturales muebles
_943768
942 _2ddc
_cLIBROS
945 _azta